000 00482cam a2200169u 4500
001 unk82008948
003 DLC
005 20260227112759.0
008 820607s1876 xx 000 0 ger
010 _aunk82008948
040 _aDLC
_cCarP
_dDLC
050 0 0 _aBX1939.I6
_bT8
110 2 _aUniversität Tübingen.
245 1 0 _aEinladung zur akademischen feier des geburtsfestes seiner majestät des königs Karl von Würtemberg
260 _a[n. p.]
_c1876.
300 _a1 v.
_bcm.
999 _c91357
_d91357